000 00960cab a2200265 4500
001 WB3004-48
008 090401t1994 xxu||||| |||| 00| 0 eng d
035 _a(Sirsi) u58624
041 _aeng
245 _aDoubts over new service area regime
260 _c1994
350 _a0
490 _aPlanning (for the Natural and Built Environment)
_v(1052) 21 January 1994, 7(1)
520 _aFour schemes have been approved as a result of deregulation of the provision of motorway service areas; critics maintain that planning permission is still hard to obtain and projects for service stations are completed no more quickly.
650 _aDOE CIRCULAR 23/1992
650 _aMOTORWAY SERVICE AREAS
650 _aMOTORWAY SERVICE AREAS
650 _aMOTORWAYS
650 _aPLANNING PERMISSION
650 _aSERVICE STATIONS
690 _aPLANNING LAW AND PRACTICE
690 _aTRANSPORT AND COMMUNICATIONS
942 _n0
948 _c04/03/1997
999 _c35830
_d35830